000 00793nam a2200241Ia 4500
003 OSt
005 20220923223442.0
006 a|||||r|||| 00| 0
007 ta
008 220922b |||||||| |||| 00| 0 hin d
024 _a215,867
037 _cTextual
040 _aARTS
_cARTS
_bhin
041 _2hin
_ahin
082 _aV2.L, 152N7
100 _aइब्ने हसन
245 0 _aमुगल साम्राज्य का केंद्रीय ढंाचा
246 _aMugal sāmrājya kā keandrīya ḍhanāchā
260 _aनई दिल्ली
_b ग्रंथ शिल्पी प्रका0
_c1997
300 _a320 पृ.
_ccm.
942 _hV2.L, 152N7
_cTEXL
_2CC
999 _c365404
_d365404